| 000 | 00361nam a2200145 a 4500 | ||
|---|---|---|---|
| 008 | 021228s1954||||xx 0 und c | ||
| 040 |
_aSNK _bslo _cSNK _eAACR2 |
||
| 100 | 1 | _aFiš, Teodor | |
| 245 | 1 | 0 |
_aV ohni _b(Krst ohňom,II.) |
| 260 |
_aBratislava _bSlovenský spisovateľ _c1954 |
||
| 300 | _a316 s. | ||
| 020 | _c22,50 | ||
| 044 |
_axo _cSK |
||
| 041 | _aslo | ||
| 999 |
_c10641 _d10641 |
||